00927 2200325 4500001002100000005001500021035002000036007000300056040001700059100003200076245004500108250001200153300003400165020002200199041000800221082001000229084001600239090002200255264004100277336002100318337003000339338002300369500003000392650001200422700004900434700004500483850001000528008004100538990002200579INLIS00000000000812720260529074903 a0010-0922000616ta aSBPUPADbind0 aGarsinia LestariePengarang1 aTanaman Hias Lanskap /cGarsinia Lestari a.-Cet.1 aiv, 344 hlm :bilus. ;c23 cm a978-979-002-681-007aind a712.6 a712.6 GAR t a712.6 GAR t L22-6 a.--Jakarta :bPenebar Swadaya,c2015 2rdacontentateks 2rdamediaatanpa perantara 2rdacarrieravolume aTentang Penulis, hlm. 344 4aTanaman0 aPengarang Ke-2, Ira Puspa KencanaePengarang0 aEditor, Febriani Ai NurrohmahePengarang aPUPAD260529 0  a24.703/H/DPK/2017